Stanley Cupin voittaneet joukkueet järjestyksessä - Statistics

Yleistilastot
  • Tätä visaa on pelattu 212 kertaa
  • Keskiarvotulos 72 / 145
Vastaustilastot
Vuosi Joukkue % Oikein
2016 | 2017 Pittsburgh Penguins
94%
1934 | 1938 | 1961 | +3 others Chicago Blackhawks
76%
1929 | 1939 | 1941 | +3 others Boston Bruins
73%
1928 | 1933 | 1940 | 1994 New York Rangers
73%
2012 | 2014 Los Angeles Kings
72%
1916 | 1924 | 1930 | +21 others Montreal Canadiens
72%
1932 | 1942 | 1945 | +8 others Toronto Maple Leafs
69%
1984 | 1985 | 1987 | +2 others Edmonton Oilers
68%
1936 | 1937 | 1943 | +8 others Detroit Red Wings
66%
1999 Dallas Stars
65%
1980 | 1981 | 1982 | 1983 New York Islanders
65%
2007 Anaheim Ducks
64%
1996 | 2001 Colorado Avalanche
64%
2004 Tampa Bay Lightning
61%
2006 Carolina Hurricanes
60%
1995 | 2000 | 2003 New Jersey Devils
59%
1991 | 1992 | 2009 Pittsburgh Penguins
53%
1989 Calgary Flames
45%
1974 | 1975 Philadelphia Flyers
44%
1909 | 1920 | 1921 | +12 others Ottawa Senators
43%
1926 | 1935 Montreal Maroons
9%
1893 | 1894 | Hel. 1903 | Maa. 1902 Montreal AAA
5%
Jou. 1906 | Jou. 1908 | Maa. 1906 | +4 others Montreal Wanderers
5%
1922 Toronto St. Patricks
5%
Tam. 1907 Kenora Thistles
4%
Hel. 1900 | Maa. 1899 | Maa. 1900 Montreal Shamrocks
4%
1895 | 1897 | 1898 | +2 others Montreal Victorias
4%
1917 Seattle Metropolitans
4%
1918 Toronto Arenas
4%
1915 Vancouver Millionaires
4%
1912 | 1913 Quebec Bulldogs
3%
1925 Victoria Cougars
3%
1901 | Hel. 1896 | Tam. 1902 Winnipeg Victorias
3%
Maa. 1914 Toronto Blueshirts
2%
Ehtoja vastaavia visoja ei löytynyt
Tulosjakauma
Jokaisen tuloksen saaneiden osuus
Persentiili vastausten määrän mukaan
Tuloshistoriasi
Et ole pelannut tätä visaa